000 00430nam a2200157Ia 4500
005 20250703022842.0
008 240331s9999 xx 000 0 und d
020 _a9552006732
082 _bDES
_a891
100 _aDe Silva,S
245 0 _ahatharaweni thattuwa
260 _aColombo
_bS. Godage & Brothers
_c1992
300 _a299 p .,
500 _aTranslation Novel Death is part of the process by Hilda Bernstein
942 _cL
999 _c4798
_d4798